Énigme One Piece - Statistiques

Statistiques générales
  • Ce quiz a été pris 6 806 fois
  • Le résultat moyen est 24 sur 26
Statistiques - réponses
Hint Réponse % Correct
Frère de C et V M Ace
96%
Petit fils de G V Luffy
96%
Père spirituel de M J Barbe Blanche
95%
Père de V et fils de G K Dragon
95%
Plus grand sabreur X Mihawk
95%
Navigatrice de V H Nami
95%
Combattu B plusieurs fois, a entraîné Z G Garp
94%
Père de M B Roger
94%
Second de K C Sabo
94%
Veut devenir comme X, second de V Q Zoro
94%
Assassin de M Y Akainu
93%
Assassin de J A Barbe Noire
93%
Était dans l'équipage de B, a une cicatrice de A N Shanks
93%
Même titre que X, ancien dragon céleste, il a perdu contre V U Doflamingo
92%
Même titre que A, W Ou N F Kaido
92%
Second de J D Marco
92%
Renoncer à son poste de Grand Corsaire pour rejoindre V O Jinbe
91%
A quitté son titre après avoir perdu contre Y L Aokiji
90%
Petit marin qui a de l'avenir Z Kobby
90%
Allié de V, son fruit lui a été donné par le frère de U R Law
90%
Veut créer une île avec toute les espèces du monde W Big Mom
89%
Second de B S Rayleigh
89%
A déjà rejoint l'équipage de J et B, mort par F I Oden
88%
Fils de I, il a mangé un Zoan similaire à F P Momonosuke
87%
Fils de W, a perdu contre V T Katakuri
86%
Déteste sa famille E Sanji
83%
Aucun quiz correspondant
Distribution des résultats
% des personnes avec chaque résultat
Percentile par nombre de réponses
Votre historique - résultats
Vous n’avez pas pris ce quiz